The Study of Language (Record no. 66612)

MARC details
000 -LEADER
fixed length control field 00465nam a22001817a 4500
020 ## - INTERNATIONAL STANDARD BOOK NUMBER
ISBN 9781316606759
020 ## - INTERNATIONAL STANDARD BOOK NUMBER
ISBN 978-1316606759
082 ## - DEWEY DECIMAL CLASSIFICATION NUMBER
Classification number 410YUL
100 ## - MAIN ENTRY--AUTHOR NAME
Personal name Yule, George
245 ## - TITLE STATEMENT
Title The Study of Language
250 ## - EDITION STATEMENT
Edition statement 3rd ed.
260 ## - PUBLICATION, DISTRIBUTION, ETC. (IMPRINT)
Place of publication New Delhi:
Name of publisher Cambridge university Press,
Year of publication 2012.
300 ## - PHYSICAL DESCRIPTION
Number of Pages 450p. ;
650 ## - SUBJECT ADDED ENTRY--TOPICAL TERM
Topical Term Language and languages
650 ## - SUBJECT ADDED ENTRY--TOPICAL TERM
Topical Term Linguistics
856 ## - ELECTRONIC LOCATION AND ACCESS
Uniform Resource Identifier http://10.10.170.122:8080/browse/book/16387
942 ## - ADDED ENTRY ELEMENTS (KOHA)
Koha item type Books
Holdings
Withdrawn status Lost status Home library Current library Date acquired Cost, normal purchase price Full call number Accession Number Koha item type
    Central Library, QUEST, Nawabshah Central Library, QUEST, Nawabshah 19/11/2020 21827.00 410YUL 58434 Books